Métodos numéricos: aplicados a la ingeniería
Guardat en:
| Autors principals: | , |
|---|---|
| Format: | Llibre |
| Idioma: | espanyol |
| Publicat: |
Ciudad de México
Continental
1995
|
| Edició: | 1a. ed |
| Matèries: | |
| Etiquetes: |
Afegir etiqueta
Sense etiquetes, Sigues el primer a etiquetar aquest registre!
|
MARC
| LEADER | 00000nam a2200000 a 4500 | ||
|---|---|---|---|
| 001 | UCG4208 | ||
| 003 | CL-VaPUC | ||
| 008 | 101018e19950000MX |||||||||||||||||spa|d | ||
| 020 | |a 9682612608 | ||
| 082 | 0 | 4 | |a 519.4 |b NIE |2 21 |
| 100 | |a Nieves Hurtado, Antonio |e autor |9 564356 | ||
| 700 | 0 | |a Domínguez Sánchez, Federico C |e author |9 553538 | |
| 245 | 1 | 0 | |a Métodos numéricos: aplicados a la ingeniería |
| 250 | |a 1a. ed | ||
| 300 | |a 602 p | ||
| 942 | |c BK | ||
| 945 | |d 20101018 00:00:00 |a mfarfan | ||
| 260 | |a Ciudad de México |b Continental |c 1995 | ||
| 500 | |a Incluye Diskette | ||
| 650 | 0 | |a Análisis numérico |9 259387 | |
| 650 | 0 | |a Ingeniería |9 259380 | |
| 650 | 7 | |a TABLAS |2 CL-VaPUC |9 262082 | |
| 650 | 0 | |a Matemática aplicada |9 260236 | |
| 583 | |a last modification |c 20101018 00:00:00 |k Rodrigo Vera | ||
| 999 | |c 343043 |d 343041 | ||